Which country.. #2 - Statistics

General Stats
  • This quiz has been taken 25 times
  • The average score is 11 of 15
Answer Stats
Question Answer % Correct
Which country borders France? Monaco
96%
Which country borders Haiti? Dominican Republic
88%
Which country borders Denmark? Germany
88%
Which country borders Peru? Ecuador
80%
Which country borders Finland? Norway
80%
Which country borders Bhutan? China
76%
Which country borders Georgia? Türkiye
76%
Which country borders Albania? Greece
72%
Which country borders Mauritania? Morocco
72%
Which country borders Oman? United Arab Emirates
72%
Which country borders Rwanda? Burundi
64%
Which country borders El Salvador? Honduras
64%
Which country borders Myanmar? Bangladesh
56%
Which country borders Tajikistan? Uzbekistan
48%
Which country borders Niger? Benin
36%
No matching quizzes found
Score Distribution
Percent of People with Each Score
Percentile by Number Answered
Your Score History
You have not taken this quiz